| 000 | 00574nam a2200193 i 4500 | ||
|---|---|---|---|
| 001 | 51984 | ||
| 003 | ES-MaACL | ||
| 005 | 20240423185228.0 | ||
| 007 | t| | ||
| 008 | 030822s1967 sp ||||1| spa d | ||
| 100 | 1 |
_aChimaraes Rosa, Joao. _938522 |
|
| 245 | 1 | 0 |
_aGran serton _b: veredas / _cJoao Chimaraies Rosa ; [traducción de Angel Crespo]. |
| 250 | _a[1ª ed.]. | ||
| 260 |
_a[Barcelona] : _bSeix Barral, _c[1967] |
||
| 300 |
_a464 p. ; _c20 cm. |
||
| 700 | 1 |
_aCrespo, Ángel, _d1926-1995 _941513 |
|
| 852 |
_aES-MaACL _jC-32474 _bR.62462 |
||
| 999 |
_c51984 _d51984 |
||